| 000 | 00718nam a2200229Ii 4500 | ||
|---|---|---|---|
| 003 | JO-AjNU | ||
| 008 | 230605s9999||||xx |||||||||||||| ||und|| | ||
| 017 | _a2000/10 | ||
| 020 | _a9957-07-170-X | ||
| 040 |
_aJO-AjNU _bara _erda _cJO-AjNU |
||
| 041 | _aara | ||
| 050 | 1 | 4 | _aLC4717.5.Z37 2005 |
| 100 | 3 |
_aالزارع، نايف بن عابد بن إبراهيم, _eauthor _942305 |
|
| 245 | 0 | 0 | _aقائمة تقدير السلوك التوحدي=Autistic Behavior Checklist(ABC) |
| 250 | _aط1 | ||
| 264 | 3 | 1 | _aعمان:دار الفكر،2005 |
| 300 | _a125ص | ||
| 336 |
_atext _btxt _2rdacontent |
||
| 337 |
_aunmediated _bn _2rdamedia |
||
| 338 |
_avolume _bnc _2rdacarrier |
||
| 650 | 4 |
_aتعليم _942306 |
|
| 999 |
_aA18105 _c21673 _d21673 |
||